000 00677nam a2200241 i 4500
001 C2-0260234
003 PPAK
005 20180727230230.0
008 041007s2004 at a|||| ||||| | eng d
020 _a1740594622
040 _aPPAK
_beng
_cPPAK
_erda
082 0 4 _a916.04
_223
090 0 0 _a916.04
_bAFR
_dR
245 0 0 _aAfrica on a shoestring
250 _a10th. ed.
264 1 _aVictoria, Australia :
_bLonely Planet Publications ,
_c2004
300 _a1084 pages :
_bcolour illustrations ;
_c20 cm
336 _2rdacontent
_atext
337 _2rdamedia
_aunmediated
338 _2rdacarrier
_avolume
650 1 0 _aAfrica - Description and travel
942 _ddc
_cB
999 _c71342
_d71342